书目信息 |
| 题名: |
扎根深山的“人梯”——张玉滚
|
|
| 作者: | 李宏声 著 ;小幸福工作室 绘 | |
| 分册: | ||
| 出版信息: | 北京 海豚出版社 2021.05 |
|
| 页数: | 32页 | |
| 开本: | 23cm | |
| 丛书名: | ||
| 单 册: | ||
| 中图分类: | K825.46=76 | |
| 科图分类: | ||
| 主题词: | 教师--先进事迹--中国--现代--少儿读物 | |
| 电子资源: | ||
| ISBN: | 978-7-5110-4443-3 | |
| 000 | 00799nam0 2200241 450 | |
| 001 | 29431 | |
| 005 | 20221105151819.65 | |
| 010 | @a978-7-5110-4443-3@dCNY19.80 | |
| 100 | @a20211214d2021 bemy0chiy0120 ea | |
| 101 | 0 | @achi |
| 102 | @aCN@b110000 | |
| 105 | @aa z 000yb | |
| 200 | 1 | @a扎根深山的“人梯”——张玉滚@Azha gen shen shan de “ ren ti ” —— zhang yu gun@f李宏声著@g小幸福工作室绘 |
| 210 | @a北京@c海豚出版社@d2021.05 | |
| 215 | @a32页@c彩图@d23cm | |
| 300 | @a“最美奋斗者”品德教育系列 | |
| 606 | 0 | @a教师@x先进事迹@y中国@z现代@j少儿读物 |
| 610 | 0 | @a张玉滚(1980-) |
| 690 | @aK825.46=76@v5 | |
| 701 | 0 | @a李宏声@Ali hong sheng@f(1971-)@4著 |
| 712 | 02 | @a小幸福工作室@Axiao xing fu gong zuo shi@4绘 |
| 801 | 0 | @aCN@c20220910 |
| 905 | @a河南城建学院图书馆@dK825.46=76@eL170@f1 | |
| 扎根深山的“人梯”——张玉滚/李宏声著/小幸福工作室绘.-北京:海豚出版社,2021.05 |
| 32页:彩图;23cm |
| “最美奋斗者”品德教育系列 |
| ISBN 978-7-5110-4443-3:CNY19.80 |
| ● |
| 相关链接 |
|
|
|
正题名:扎根深山的"人梯"——张玉滚
索取号:K825.46=76/L170
 
预约/预借
| 序号 | 登录号 | 条形码 | 馆藏地/架位号 | 状态 | 备注 |
| 1 | 1582998 | 215829986 | 社科库309/309社科库 47排7列2层/ [索取号:K825.46=76/L170] | 在馆 |